000 00681cab a2200241 4500
001 WB3118-24
008 090401t1995 xxu||||| |||| 00| 0 eng d
035 _a(Sirsi) u65757
041 _aeng
245 _aPressure mounts on sheep dip poisons
260 _c1995
350 _a0
490 _aSunday Telegraph
_v7 May 1995, 9(2)
520 _aUrges a Government review on the use of pesticides in the light of evidence of the health risks associated with its use.
650 _aCHEMICALS
650 _aHEALTH HAZARDS
650 _aORGANOPHOSPHATES
650 _aPESTICIDES
650 _aSHEEP DIPS
690 _aRURAL PRACTICE
942 _n0
948 _c04/03/1997
999 _c41044
_d41044